Madonna - Skin - Lyrics - Statistics

General Stats
  • This quiz has been taken 14 times
  • The average score is 330 of 345
Answer Stats
Answer % Correct
a
100%
all
100%
Do
100%
do
100%
from
100%
have
100%
I
100%
I'm
100%
I've
100%
know
100%
like
100%
make
100%
me
100%
my
100%
need
100%
of
100%
on
100%
Put
100%
said
100%
say
100%
skin
100%
somewhere?
100%
sound
100%
the
100%
thin
100%
thing
100%
things
100%
this
100%
time
100%
to
100%
want
100%
Why
100%
you
100%
You
100%
your
100%
before?
86%
before
86%
connection
86%
dying
86%
got
86%
hand
86%
Kiss
86%
leave
86%
line
86%
more?
86%
not
86%
stupid
86%
Touch
86%
trying
86%
wanting
86%
close
71%
eyes
71%
protection
71%
see
71%
soul
71%
You've
71%
inside
57%
walking
57%
correction
43%
No matching quizzes found
Score Distribution
Percent of People with Each Score
Percentile by Number Answered
Your Score History
You have not taken this quiz